000 00901cam a22002654a 4500
001 13469979
005 20251030104726.0
008 040123s2005 njua b 001 0 eng
020 _a0130480606
_qpbk.
020 _a9780130480606
_q(pbk.)
050 0 0 _aRT84.5
_b.C664 2005
082 0 0 _a610.73/01
_222
245 0 0 _aConceptual models of nursing :
_banalysis and application /
_c[edited by] Joyce J. Fitzpatrick, Ann L. Whall.
250 _a4th ed.
260 _aUpper Saddle River, N.J. :
_bPearson Prentice Hall,
_cc2005.
300 _axi, 356 p. :
_bill. ;
_c23 cm.
650 0 _aNursing
_xPhilosophy.
650 0 _aNursing models.
650 1 2 _aModels, Nursing.
650 2 2 _aPhilosophy, Nursing.
700 1 _aFitzpatrick, Joyce J.,
_d1944-
700 1 _aWhall, Ann L.
856 4 1 _3Table of contents
_uhttp://www.loc.gov/catdir/toc/ecip0413/2004001577.html
942 _2lcc
_cBK
_e4th ed.
_n0
999 _c7935
_d7935